Krejčí z Osvětimi : osudy muže, který se narodil v Československu, přežil Osvětim a stal se krejčím amerických prezidentů / Martin Greenfield ; z anglického originálu Measure of a man ... přeložil Petr Antonín
Record details
- ISBN: 978-80-7617-191-6
- Physical Description: 239 stran, 16 nečíslovaných stran obrazových příloh : ilustrace (některé barevné), portréty, faksimile ; 21 cm
- Edition: Vydání první
- Publisher: Praha : Euromedia, 2019
Content descriptions
| General Note: | Na hřbetu uvedeno nakladatelství: Brána Obsahuje rejstřík |
Search for related items by subject
| Genre: | americké romány autobiografické romány American fiction autobiographical novels |
Available copies
- 1 of 1 copy available at Common Catalog SPOK.
Holds
- 0 current holds with 1 total copy.
Show Only Available Copies
| Location | Call Number / Copy Notes | Barcode | Shelving Location | Status | Due Date |
|---|---|---|---|---|---|
| The Jewish community of Prague | K 3518 | 4638301053 | K - Beletrie | Available | - |
| LDR | 03647nam a2200877 i 4500 | ||
|---|---|---|---|
| 001 | 53116 | ||
| 003 | CZ-PrJAB | ||
| 005 | 20190430084650.0 | ||
| 007 | ta | ||
| 008 | 181121s2019 xr acfhg 001 facze | ||
| 015 | . | ‡acnb003057512 | |
| 020 | . | ‡a978-80-7617-191-6 ‡q(vázáno) | |
| 035 | . | ‡a(CZ PrNK)nkc20183057512 | |
| 035 | . | ‡a(OCoLC)1100765889 | |
| 040 | . | ‡aBOA001 ‡bcze ‡erda | |
| 041 | 1 | . | ‡acze ‡heng |
| 043 | . | ‡ae-cs--- ‡ae-pl--- ‡ae-gx--- ‡an-us--- | |
| 045 | . | ‡ax2y1 | |
| 072 | 7. | ‡a821.111(73)-3 ‡xAmerická próza ‡2Konspekt ‡925 | |
| 072 | 7. | ‡a929 ‡xBiografie ‡2Konspekt ‡98 | |
| 080 | . | ‡a821.111(73)-31 ‡2MRF | |
| 080 | . | ‡a(=411.16) ‡2MRF | |
| 080 | . | ‡a343.819.5 ‡2MRF | |
| 080 | . | ‡a323.12"1939/1945"-053.15 ‡2MRF | |
| 080 | . | ‡a314.15-026.44 ‡2MRF | |
| 080 | . | ‡a314.151.3-054.72 ‡2MRF | |
| 080 | . | ‡a687.1-051 ‡2MRF | |
| 080 | . | ‡a658.114-051 ‡2MRF | |
| 080 | . | ‡a929 ‡2MRF | |
| 080 | . | ‡a(437) ‡2MRF | |
| 080 | . | ‡a(438) ‡2MRF | |
| 080 | . | ‡a(430) ‡2MRF | |
| 080 | . | ‡a(73) ‡2MRF | |
| 080 | . | ‡a(0:82-312.6) ‡2MRF | |
| 100 | 1 | . | ‡aGreenfield, Martin, ‡d1928- ‡7xx0233605 ‡4aut |
| 240 | 1 | 0. | ‡aMeasure of a man. ‡lČesky |
| 245 | 1 | 0. | ‡aKrejčí z Osvětimi : ‡bosudy muže, který se narodil v Československu, přežil Osvětim a stal se krejčím amerických prezidentů / ‡cMartin Greenfield ; z anglického originálu Measure of a man ... přeložil Petr Antonín |
| 250 | . | ‡aVydání první | |
| 264 | 1. | ‡aPraha : ‡bEuromedia, ‡c2019 | |
| 300 | . | ‡a239 stran, 16 nečíslovaných stran obrazových příloh : ‡bilustrace (některé barevné), portréty, faksimile ; ‡c21 cm | |
| 336 | . | ‡atext ‡btxt ‡2rdacontent | |
| 337 | . | ‡abez média ‡bn ‡2rdamedia | |
| 338 | . | ‡asvazek ‡bnc ‡2rdacarrier | |
| 500 | . | ‡aNa hřbetu uvedeno nakladatelství: Brána | |
| 500 | . | ‡aObsahuje rejstřík | |
| 600 | 1 | 7. | ‡aGreenfield, Martin, ‡d1928- ‡7xx0233605 ‡2czenas |
| 610 | 2 | 7. | ‡aOsvětim (koncentrační tábor) ‡7olak2003164504 ‡2czenas |
| 610 | 2 | 7. | ‡aBuchenwald (koncentrační tábor) ‡7kn20030827018 ‡2czenas |
| 648 | 7. | ‡a20.-21. století ‡7ch462155 ‡2czenas | |
| 648 | 7. | ‡a1939-1945 ‡7ch460653 ‡2czenas | |
| 648 | 7. | ‡a20. století ‡7ch460558 ‡2czenas | |
| 650 | 0 | 7. | ‡aŽidé ‡7ph127782 ‡zČeskoslovensko ‡2czenas |
| 650 | 0 | 7. | ‡akoncentrační tábory ‡7ph121782 ‡zPolsko ‡y1939-1945 ‡2czenas |
| 650 | 0 | 7. | ‡akoncentrační tábory ‡7ph121782 ‡zNěmecko ‡y1939-1945 ‡2czenas |
| 650 | 0 | 7. | ‡apřeživší holocaust ‡7ph852432 ‡zČeskoslovensko ‡2czenas |
| 650 | 0 | 7. | ‡aŽidé ‡7ph127782 ‡xemigrace a imigrace ‡y20. století ‡2czenas |
| 650 | 0 | 7. | ‡aimigranti ‡7ph121036 ‡zSpojené státy americké ‡y20. století ‡2czenas |
| 650 | 0 | 7. | ‡akrejčí ‡7ph1028657 ‡zSpojené státy americké ‡y20.-21. století ‡2czenas |
| 650 | 0 | 7. | ‡apodnikatelé ‡7ph124163 ‡zSpojené státy americké ‡y20.-21. století ‡2czenas |
| 650 | 0 | 9. | ‡aJews ‡zCzechoslovakia ‡2eczenas |
| 650 | 0 | 9. | ‡aconcentration camps ‡zPoland ‡y1939-1945 ‡2eczenas |
| 650 | 0 | 9. | ‡aconcentration camps ‡zGermany ‡y1939-1945 ‡2eczenas |
| 650 | 0 | 9. | ‡aholocaust survivors ‡zCzechoslovakia ‡2eczenas |
| 650 | 0 | 9. | ‡aJews ‡xemigration and immigration ‡y20th century ‡2eczenas |
| 650 | 0 | 9. | ‡aimmigrants ‡zUnited States ‡y20th century ‡2eczenas |
| 650 | 0 | 9. | ‡atailors ‡zUnited States ‡y20th-21st centuries ‡2eczenas |
| 650 | 0 | 9. | ‡abusinessmen ‡zUnited States ‡y20th-21st centuries ‡2eczenas |
| 655 | 7. | ‡aamerické romány ‡7fd131796 ‡2czenas | |
| 655 | 7. | ‡aautobiografické romány ‡7fd131852 ‡2czenas | |
| 655 | 9. | ‡aAmerican fiction ‡2eczenas | |
| 655 | 9. | ‡aautobiographical novels ‡2eczenas | |
| 700 | 1 | . | ‡aAntonín, Petr ‡7jx20050715021 ‡4trl |
| 910 | . | ‡aABE461 | |
| 995 | . | ‡aska | |
| 901 | . | ‡a53116 ‡bAUTOGEN ‡c53116 ‡tbiblio | |